000 00427nam a2200181Ia 4500
001 16497
005 20260306170314.0
008 260306t2004||||xx |||||||||||||| ||und||
041 _aESP
082 _a348.6
_bN48
100 _aNeves Mujica, Javier
_eAUT
245 0 _aIntroducción al derecho laboral
260 _c2004
300 _a151 páginas :
_ccm.
650 _aGEN
654 _aCDE
942 _cLIB
_dJUS
_fJUS
_2ddc
_n
999 _c16497
_d16497